|
|
|
|
| LEADER |
00000nab a2200000 a 4500 |
| 001 |
vtls001519259 |
| 003 |
SK-MaSNL |
| 005 |
20260304141150.0 |
| 008 |
250505c2004 xo 0 slo |
| 015 |
|
|
|a SNBCL2005/2
|
| 035 |
|
|
|a SLK030649
|
| 035 |
|
|
|a urn:nbn:sk:snk-ab71kj
|
| 035 |
|
|
|a (uuid)9911bba5-5a71-43f9-9e23-cc449c8c3f94
|
| 035 |
|
|
|a (urnnbn)urn:nbn:sk:snk:ar-a06m1b
|
| 035 |
|
|
|a (sysno)vtls001519259
|
| 040 |
|
|
|a SNKBUCL
|b slo
|c SNKBUCL
|e AACR2
|
| 041 |
0 |
|
|a slo
|b eng
|b slo
|
| 044 |
|
|
|a xo
|c SK
|
| 080 |
|
|
|a 616.24-007.272-036.12
|2 1981
|
| 100 |
1 |
|
|a Palát, Miroslav,
|d 1927-2014
|4 aut
|9 203087
|
| 245 |
1 |
0 |
|a Rehabilitačný program u chorých s chronickou obštrukčnou chorobou pľúc
|c M. Palát
|
| 504 |
|
|
|a Res. angl., slov.
|
| 504 |
|
|
|a Bibliogr. odkazy
|
| 650 |
0 |
7 |
|a chronická obštrukčná choroba pľúc
|2 snkbucl
|9 28852
|
| 650 |
0 |
7 |
|a liečebná rehabilitácia
|2 snkbucl
|9 3306
|
| 650 |
0 |
7 |
|a kvalita života
|2 snkbucl
|9 1705
|
| 773 |
0 |
|
|t Revue medicíny v praxi
|g Roč. 2, č. 6 (2004), s. 12-13
|x 1336-202X
|
| 850 |
|
|
|a Slovenská národná knižnica
|
| 852 |
|
|
|a Slovenská národná knižnica
|
| 958 |
|
|
|a article27
|
| 958 |
|
|
|a EUIPO
|
| 958 |
|
|
|a OND
|
| 999 |
|
|
|c 2917849
|d 2919779
|